[Event "Suwalki Elo op"]
[Site "Suwalki"]
[Date "2008.01.23"]
[Round "4"]
[White "Barmuta, Bartosz"]
[Black "Trojniar, Marcin"]
[Result "0-1"]
[WhiteElo "1800"]
[BlackElo "1437"]
[PlyCount "38"]
[EventDate "2008.01.21"]
[EventType "swiss"]
[EventRounds "9"]
[EventCountry "POL"]
[SourceTitle "EXT 2010"]
[Source "ChessBase"]
[SourceDate "2010.11.25"]
[SourceVersion "1"]
[SourceVersionDate "2010.11.25"]
[SourceQuality "1"]

1. e4 e5 2. Nf3 Nc6 3. Bc4 Bc5 4. 0-0 Nf6 5. Nc3 0-0 6. d3 h6 7. Be3 Bb6 8. h3 d6 9. Qd2 Kh7 10. Nh2 Be6 11. Bb3 Qd7 12. Bxe6 fxe6 13. Kh1 d5 14. f4 d4 15. fxe5 Nxe5 16. Bf4 dxc3 17. Qxc3 Ng6 18. Bd2 Nh5 19. Rxf8 Ng3# 0-1

[Event "Suwalki Elo op"]
[Site "Suwalki"]
[Date "2008.01.23"]
[Round "8"]
[White "Ryszkiewicz, Adam"]
[Black "Trojniar, Marcin"]
[Result "1-0"]
[WhiteElo "1873"]
[BlackElo "1437"]
[PlyCount "63"]
[EventDate "2008.01.21"]
[EventType "swiss"]
[EventRounds "9"]
[EventCountry "POL"]
[SourceTitle "EXT 2010"]
[Source "ChessBase"]
[SourceDate "2010.11.25"]
[SourceVersion "1"]
[SourceVersionDate "2010.11.25"]
[SourceQuality "1"]

1. e4 c5 2. Nf3 d6 3. d4 cxd4 4. Qxd4 Nc6 5. Bb5 Bd7 6. Bxc6 Bxc6 7. Nc3 Nf6 8. Bg5 e5 9. Qd3 Be7 10. Rd1 Qc7 11. Bxf6 gxf6 12. 0-0 Rg8 13. Kh1 a6 14. Nh4 0-0-0 15. Nf5 Kb8 16. Nd5 Bxd5 17. Qxd5 Bf8 18. c4 Rg5 19. c5 Rxf5 20. exf5 Qe7 21. cxd6 Qxd6 22. Qb3 Qc7 23. Rxd8+ Qxd8 24. Qxf7 Qe7 25. Qxe7 Bxe7 26. g4 Kc7 27. Rd1 h6 28. Kg2 b5 29. Kh3 Bf8 30. Kh4 Bg7 31. Kh5 Bf8 32. Kg6 1-0

[Event "Suwalki Elo op"]
[Site "Suwalki"]
[Date "2008.01.23"]
[Round "5"]
[White "Trojniar, Marcin"]
[Black "Mockun, Dawid"]
[Result "1/2-1/2"]
[WhiteElo "1437"]
[BlackElo "1800"]
[PlyCount "119"]
[EventDate "2008.01.21"]
[EventType "swiss"]
[EventRounds "9"]
[EventCountry "POL"]
[SourceTitle "EXT 2010"]
[Source "ChessBase"]
[SourceDate "2010.11.25"]
[SourceVersion "1"]
[SourceVersionDate "2010.11.25"]
[SourceQuality "1"]

1. e4 e5 2. Nf3 d6 3. d4 exd4 4. Nxd4 Nf6 5. Nc3 Be7 6. Bd3 Bd7 7. 0-0 0-0 8. Be3 Nc6 9. f4 Nxd4 10. Bxd4 Bg4 11. Be2 Bxe2 12. Qxe2 Re8 13. Rae1 c5 14. Bf2 Qb6 15. Qb5 Qxb5 16. Nxb5 Red8 17. Nc3 b6 18. Kh1 Kf8 19. Re2 d5 20. e5 Ng4 21. h3 Nxf2+ 22. Rexf2 d4 23. Ne4 d3 24. c3 f5 25. Nd2 b5 26. g4 fxg4 27. hxg4 a5 28. Rh2 h6 29. Ne4 b4 30. g5 hxg5 31. Nxg5 Bxg5 32. fxg5+ Kg8 33. Rd2 c4 34. Rf4 Rac8 35. Kg2 Rd5 36. Re4 Kf7 37. Kf3 Ke6 38. Kf4 Rf8+ 39. Kg3 Rxe5 40. Rxc4 Rxg5+ 41. Kh3 Rh8+ 42. Rh4 Rxh4+ 43. Kxh4 Rd5 44. Kg4 Ke5 45. Kf3 g5 46. Ke3 g4 47. Rxd3 Rxd3+ 48. Kxd3 bxc3 49. bxc3 g3 50. Ke3 a4 51. Kf3 a3 52. Kxg3 Kd5 53. Kf3 Kc4 54. Ke3 Kxc3 55. Ke2 Kc2 56. Ke3 Kb2 57. Kd2 Kxa2 58. Kc2 Ka1 59. Kc1 a2 60. Kc2 1/2-1/2

[Event "POL-ch PL+LU U11"]
[Site "Augustow"]
[Date "2007.10.13"]
[Round "9.2"]
[White "Trojniar, Marcin"]
[Black "Sokolowski, Jakub"]
[Result "1-0"]
[WhiteElo "1413"]
[BlackElo "1661"]
[PlyCount "53"]
[EventDate "2007.10.08"]
[EventType "swiss"]
[EventRounds "9"]
[EventCountry "POL"]
[SourceTitle "EXT 2023"]
[Source "ChessBase"]
[SourceDate "2022.10.05"]
[SourceVersion "1"]
[SourceVersionDate "2022.10.05"]
[SourceQuality "1"]

1. e4 c5 2. Nf3 d6 3. d4 cxd4 4. Nxd4 Nf6 5. Nc3 a6 6. Be3 e5 7. Nb3 Be6 8. Bd3 Be7 9. f3 Nc6 10. Qd2 Qc7 11. 0-0 0-0 12. Rac1 b5 13. Nd5 Bxd5 14. exd5 Nd8 15. c4 bxc4 16. Bxc4 Qd7 17. Na5 Nb7 18. Nc6 Rfe8 19. Qd3 a5 20. Bb5 Rf8 21. Nxa5 Nc5 22. Rxc5 dxc5 23. Bxd7 Rxa5 24. Bc6 Bd6 25. a3 Rb8 26. Qc4 Ra6 27. Rb1 1-0

[Event "POL-ch PL+LU U11"]
[Site "Augustow"]
[Date "2007.10.11"]
[Round "6.5"]
[White "Trojniar, Marcin"]
[Black "Roszkowski, Piotr"]
[Result "1-0"]
[WhiteElo "1413"]
[BlackElo "1600"]
[PlyCount "129"]
[EventDate "2007.10.08"]
[EventType "swiss"]
[EventRounds "9"]
[EventCountry "POL"]
[SourceTitle "EXT 2023"]
[Source "ChessBase"]
[SourceDate "2022.10.05"]
[SourceVersion "1"]
[SourceVersionDate "2022.10.05"]
[SourceQuality "1"]

1. e4 c5 2. Nf3 Nc6 3. d4 cxd4 4. Nxd4 Nxd4 5. Qxd4 Nf6 6. Nc3 d6 7. Bc4 e5 8. Qd3 Be6 9. Bb3 Be7 10. h3 0-0 11. Bg5 h6 12. Bh4 Nh7 13. Bxe7 Qxe7 14. 0-0 Qg5 15. Qg3 Qxg3 16. fxg3 Ng5 17. Rad1 Rad8 18. h4 Bxb3 19. axb3 Ne6 20. Nd5 Rfe8 21. Rf2 Nd4 22. Rdf1 f6 23. Rc1 Rc8 24. Nc3 b5 25. Rd2 b4 26. Ne2 Nxe2+ 27. Rxe2 Kf7 28. Kf2 Ke6 29. Ra1 Rc7 30. Ke3 d5 31. Ra6+ Ke7 32. exd5 Rd8 33. Rd2 Rcd7 34. Ke4 Rc8 35. g4 Rcd8 36. g5 hxg5 37. hxg5 Rc8 38. gxf6+ gxf6 39. Rf2 Rf8 40. Re6+ Kd8 41. Rexf6 Re8 42. Rf8 Rxf8 43. Rxf8+ Ke7 44. Rf2 Kd6 45. Rf6+ Ke7 46. Kxe5 Rxd5+ 47. Kxd5 Kxf6 48. Kc4 Ke5 49. Kxb4 Kf4 50. c4 Ke5 51. c5 Kd5 52. g4 a5+ 53. Kb5 Ke5 54. c6 Kd6 55. g5 Kc7 56. g6 a4 57. g7 axb3 58. g8Q Kd6 59. Qg5 Ke6 60. c7 Kd6 61. c8R Ke6 62. Rc6+ Kd7 63. Qg7+ Kd8 64. Kb6 Ke8 65. Rc8# 1-0

[Event "POL-ch PL+LU U11"]
[Site "Augustow"]
[Date "2007.10.10"]
[Round "4.5"]
[White "Czerw, Dawid"]
[Black "Trojniar, Marcin"]
[Result "0-1"]
[WhiteElo "1600"]
[BlackElo "1413"]
[PlyCount "134"]
[EventDate "2007.10.08"]
[EventType "swiss"]
[EventRounds "9"]
[EventCountry "POL"]
[SourceTitle "EXT 2023"]
[Source "ChessBase"]
[SourceDate "2022.10.05"]
[SourceVersion "1"]
[SourceVersionDate "2022.10.05"]
[SourceQuality "1"]

1. e4 e5 2. Nf3 Nc6 3. Bc4 Bc5 4. c3 Nf6 5. d4 exd4 6. cxd4 Bb4+ 7. Bd2 Nxe4 8. Bxb4 Nxb4 9. Nc3 Nxc3 10. bxc3 Nc6 11. 0-0 0-0 12. Qc2 h6 13. Rfe1 d5 14. Bb3 Be6 15. Rac1 Qf6 16. Re3 Rad8 17. h3 Rfe8 18. Rce1 Rd7 19. Ba4 Rdd8 20. Ne5 Rd6 21. Ng4 Qg5 22. Ne5 Red8 23. Bxc6 bxc6 24. Qa4 Qf6 25. Qc2 Qg5 26. Rg3 Qf6 27. Ree3 Qf5 28. Qe2 Qh7 29. f4 Re8 30. Ng4 Kh8 31. Ne5 Rf8 32. Kh2 Qf5 33. Qd3 Qxd3 34. Rxd3 Bf5 35. Rde3 f6 36. Ng6+ Bxg6 37. Rxg6 Kh7 38. f5 Rfd8 39. Re7 R6d7 40. Re6 Rd6 41. Rg3 Rxe6 42. fxe6 Re8 43. Re3 Kg6 44. g4 f5 45. Kg3 fxg4 46. Kxg4 Kf6 47. Kf4 g6 48. Kg4 Rxe6 49. Rxe6+ Kxe6 50. h4 Kf6 51. Kf4 g5+ 52. Kg4 gxh4 53. Kxh4 Kf5 54. Kh5 Ke4 55. Kxh6 Kd3 56. Kg6 Kxc3 57. Kf6 Kxd4 58. Ke6 Kc4 59. Kd7 d4 60. Kxc7 d3 61. Kb7 d2 62. a4 d1Q 63. a5 Qa4 64. a6 Kb5 65. Ka8 Kb6 66. Kb8 Qxa6 67. Ka8 Qb7# 0-1

[Event "Suwalki-ch op"]
[Site "Suwalki"]
[Date "2006.12.30"]
[Round "9"]
[White "Zochowski, Wieslaw"]
[Black "Trojniar, Marcin"]
[Result "1-0"]
[WhiteElo "1880"]
[BlackElo "1800"]
[PlyCount "57"]
[EventDate "2006.12.27"]
[EventType "tourn"]
[EventRounds "9"]
[EventCountry "POL"]
[SourceTitle "EXT 2023"]
[Source "ChessBase"]
[SourceDate "2022.10.05"]
[SourceVersion "1"]
[SourceVersionDate "2022.10.05"]
[SourceQuality "1"]

1. e4 e5 2. Nf3 Nc6 3. Bb5 a6 4. Ba4 b5 5. Bb3 Bb7 6. c3 h6 7. 0-0 Nf6 8. Bc2 Be7 9. a3 0-0 10. d4 exd4 11. cxd4 d5 12. e5 Ne4 13. Nbd2 Ng5 14. Re1 Qd7 15. Nf1 Qg4 16. Ng3 Nxf3+ 17. gxf3 Qxd4 18. Qe2 Rfe8 19. Nf5 Qc5 20. Qd3 g6 21. Nxh6+ Kg7 22. Ng4 Qd4 23. Qe2 Bd6 24. Rd1 Qc5 25. Bh6+ Kh8 26. f4 Nd4 27. Qd3 Qxc2 28. Qxd4 Re6 29. exd6+ 1-0